Fifa 21 Top 25 Premier League Strikers - Statistics

General Stats
  • This quiz has been taken 137 times
  • The average score is 17 of 25
Answer Stats
Rating Club Nation Player % Correct
88 Tottenham Hotspur England Harry Kane
100%
89 Manchester City Argentina Sergio Aguero
99%
86 Leicester City England Jamie Vardy
98%
87 Arsenal Gabon Pierre-Emerick Aubameyang
96%
87 Liverpool Brazil Roberto Firmino
96%
84 Manchester United Uruguay Edinson Cavani
91%
85 Chelsea Germany Timo Werner
90%
84 Manchester United France Anthony Martial
89%
81 Everton Brazil Richarlison
88%
83 Manchester City Brazil Gabriel Jesus
87%
83 Arsenal France Alexandre Lacazette
80%
84 Wolves Mexico Raul Jimenez
80%
77 Fulham Serbia Aleksandar Mitrovic
70%
82 Leeds United Spain Rodrigo
68%
79 Chelsea France Olivier Giroud
63%
78 Burnley New Zealand Chris Wood
57%
80 Southampton England Danny Ings
57%
79 Everton England Dominic Calvert-Lewin
55%
78 Chelsea England Tammy Abraham
51%
78 Newcastle United England Callum Wilson
48%
78 West Ham United England Michail Antonio
46%
79 Tottenham Hotspur Brazil Carlos Vinicius
32%
78 Crystal Palace Belgium Michy Batshuayi
30%
77 Everton Norway Joshua King
25%
80 Wolves Brazil Willian Jose
17%
No matching quizzes found
Score Distribution
Percent of People with Each Score
Percentile by Number Answered
Your Score History
You have not taken this quiz